[Event "XIV Open"]
[Site "Crema ITA"]
[Date "2012.09.01"]
[Round "3"]
[White "D'Amato, Piergiorgio"]
[Black "Mondal, Prince"]
[Result "0-1"]
[WhiteElo "1885"]
[BlackElo "1864"]
[PlyCount "64"]
[EventDate "2012.08.31"]

1. e4 c5 2. Nf3 d6 3. d4 cxd4 4. Nxd4 Nf6 5. Nc3 a6 6. h3 b5 7. g4 Bb7 8. Bg2
e6 9. O-O Qc7 10. a3 Be7 11. Be3 Nc6 12. Re1 O-O 13. Qe2 Rfe8 14. Rad1 Nd7 15.
f4 Na5 16. g5 Nc4 17. Bc1 Bf8 18. Qg4 Nxa3 19. bxa3 Qxc3 20. Re3 Qc5 21. Kh1
Nb6 22. Rg3 d5 23. f5 a5 24. Nf3 dxe4 25. Nh4 g6 26. fxg6 fxg6 27. Bxe4 Bxe4+
28. Qxe4 Rad8 29. Rxd8 Rxd8 30. Bb2 Nc4 31. Bc3 Qd5 32. Qxd5 Rxd5 0-1

[Event "XIV Open"]
[Site "Crema ITA"]
[Date "2012.09.01"]
[Round "3"]
[White "De Palma, Fabrizio"]
[Black "Popovich, Fabio"]
[Result "1/2-1/2"]
[WhiteElo "2108"]
[BlackElo "1832"]
[PlyCount "66"]
[EventDate "2012.08.31"]

1. d4 Nf6 2. Nf3 e6 3. c4 c5 4. d5 exd5 5. cxd5 d6 6. Nc3 g6 7. g3 Bg7 8. Bg2
O-O 9. O-O Re8 10. Bf4 a6 11. a4 Qe7 12. Nd2 Nh5 13. Be3 f5 14. Nc4 Nd7 15. Qd2
Ne5 16. Nb6 Rb8 17. Bg5 Qc7 18. a5 Bd7 19. e4 fxe4 20. Nxe4 Bh3 21. f4 Bxg2 22.
Qxg2 Ng4 23. f5 Bd4+ 24. Kh1 h6 25. Bc1 Qe7 26. f6 Nhxf6 27. Nxf6+ Bxf6 28. Qf3
Qe2 29. Qg2 Qxg2+ 30. Kxg2 Rbd8 31. h3 Bxb2 32. Bxb2 Ne3+ 33. Kf2 Nxf1 1/2-1/2

[Event "XIV Open"]
[Site "Crema ITA"]
[Date "2012.09.01"]
[Round "3"]
[White "Distratis, Gianluca"]
[Black "Gemelli, Giovanni"]
[Result "1-0"]
[WhiteElo "1962"]
[BlackElo "1807"]
[PlyCount "59"]
[EventDate "2012.08.31"]

1. e4 c5 2. c3 Nf6 3. e5 Nd5 4. Nf3 Nc6 5. d4 cxd4 6. cxd4 d6 7. Bc4 Nb6 8. Bb5
Bd7 9. Nc3 a6 10. Bd3 Bg4 11. O-O Nxd4 12. Be4 Nc6 13. exd6 exd6 14. Re1 Be7
15. Be3 Be6 16. Nd4 d5 17. Nxe6 fxe6 18. Qh5+ Kd7 19. Bxb6 Qxb6 20. Bxd5 Nd8
21. Bxe6+ Nxe6 22. Rad1+ Kc8 23. Qf7 Rf8 24. Nd5 Rxf7 25. Nxb6+ Kb8 26. Rxe6
Ra7 27. Rd7 a5 28. Rexe7 Rxe7 29. Rxe7 Ra6 30. Re6 1-0

[Event "XIV Open"]
[Site "Crema ITA"]
[Date "2012.09.01"]
[Round "3"]
[White "Folcini, Gaddo"]
[Black "Colonetti, Fabio"]
[Result "1-0"]
[WhiteElo "1606"]
[BlackElo "1443"]
[PlyCount "55"]
[EventDate "2012.08.31"]

1. e4 c5 2. d4 cxd4 3. c3 dxc3 4. Nxc3 d6 5. Bc4 Nf6 6. e5 dxe5 7. Qxd8+ Kxd8
8. Nf3 e6 9. Nxe5 Ke7 10. O-O Nc6 11. Nxc6+ bxc6 12. Bf4 Bb7 13. Rad1 Nd5 14.
Nxd5+ cxd5 15. Bb5 f6 16. Rc1 a6 17. Rc7+ Kd8 18. Rd7+ Ke8 19. Ba4 g5 20. Rxb7+
Kd8 21. Rd7+ Ke8 22. Ra7+ Kd8 23. Rxa8+ Ke7 24. Ra7+ Kd8 25. Bc7+ Kc8 26. Rc1
Bb4 27. Bd6+ Kd8 28. Ra8# 1-0

[Event "XIV Open"]
[Site "Crema ITA"]
[Date "2012.09.01"]
[Round "3"]
[White "Fongarolli, Diego"]
[Black "Rambaldi, Francesco"]
[Result "0-1"]
[WhiteElo "2068"]
[BlackElo "2272"]
[PlyCount "90"]
[EventDate "2012.08.31"]

1. e4 c5 2. Nf3 e6 3. d4 cxd4 4. Nxd4 a6 5. Bd3 Nf6 6. O-O Qc7 7. Qe2 d6 8. Na3
Be7 9. Nc4 b5 10. Nd2 O-O 11. a4 b4 12. N2f3 Nbd7 13. Bd2 Rb8 14. Rfe1 Nc5 15.
e5 dxe5 16. Nxe5 Bd6 17. Bg5 Nd5 18. Bh4 Bb7 19. Bg3 Rbc8 20. Qh5 Nxd3 21. cxd3
Nf6 22. Qe2 Bd5 23. Qd2 Qb6 24. Ndf3 Be7 25. Rec1 Qb7 26. Rxc8 Rxc8 27. Rc1 b3
28. h3 h6 29. Rc3 Bxf3 30. Nxf3 Rxc3 31. Qxc3 Nd5 32. Qc4 Bf6 33. d4 Bg5 34.
Bd6 Qb6 35. Bc5 Qb7 36. Bd6 Kh7 37. Ne5 Bf4 38. g3 Bxe5 39. dxe5 Qb6 40. Kf1
Qe3 41. a5 Qf3 42. Kg1 Qd1+ 43. Kg2 Ne3+ 44. fxe3 Qc2+ 45. Kf3 Qxc4 0-1

[Event "XIV Open"]
[Site "Crema ITA"]
[Date "2012.09.01"]
[Round "3"]
[White "Frignani, Alessandro"]
[Black "Frugoni, Giulio"]
[Result "1-0"]
[WhiteElo "1377"]
[BlackElo "1638"]
[PlyCount "151"]
[EventDate "2012.08.31"]

1. e4 c5 2. c4 d6 3. Nc3 Nf6 4. f3 g6 5. Nge2 a6 6. d3 Bg7 7. Qc2 Nc6 8. a3 Nd4
9. Qd1 e5 10. Be3 Nh5 11. Bxd4 cxd4 12. Nd5 O-O 13. g3 f5 14. Bg2 f4 15. g4
Qh4+ 16. Kf1 Bxg4 17. Qe1 Qg5 18. h4 Qd8 19. Qf2 b5 20. Kg1 Bd7 21. Bh3 Bxh3
22. Rxh3 Nf6 23. b4 Nxd5 24. cxd5 Rc8 25. Rc1 Rxc1+ 26. Nxc1 Qc8 27. Qf1 Qc3
28. Rh2 Rc8 29. Ne2 Qxa3 30. Kg2 Qxb4 31. Rh1 Rc2 32. Kh3 Qd2 33. Nc1 Rb2 34.
Qg1 Bf6 35. Rh2 Qxh2+ 36. Qxh2 Rxh2+ 37. Kxh2 a5 38. Nb3 a4 39. Na5 b4 40. Nc4
Be7 41. Kg2 a3 42. Nd2 Bxh4 43. Kf1 h5 44. Ke2 Bg3 45. Kd1 Bf2 46. Kc2 Be1 47.
Nc4 Bc3 48. Kb3 h4 49. Nxd6 Kf8 50. Nc4 h3 51. Nxe5 h2 52. Nxg6+ Kg7 53. Nxf4
h1=Q 54. Ne6+ Kf6 55. f4 Qd1+ 56. Kc4 Qa4 57. Kc5 Qa7+ 58. Kb5 Qb7+ 59. Kc4 b3
60. e5+ Ke7 61. f5 Qa6+ 62. Kc5 Qa5+ 63. Kc6 Qa4+ 64. Kc7 Qa5+ 65. Kc6 Qa4+ 66.
Kc7 Ba5+ 67. Kc8 Qd7+ 68. Kb8 Bb6 69. f6+ Kf7 70. Ng5+ Kg6 71. Ne6 Qa7+ 72. Kc8
Kf7 73. Ng5+ Ke8 74. f7+ Kf8 75. Ne6+ Kxf7 76. Nd8+ 1-0

[Event "XIV Open"]
[Site "Crema ITA"]
[Date "2012.09.01"]
[Round "3"]
[White "Galli, Fabrizio"]
[Black "Marchesotti, Giovanni"]
[Result "0-1"]
[WhiteElo "1463"]
[BlackElo "1525"]
[PlyCount "97"]
[EventDate "2012.08.31"]

1. d4 Nf6 2. Nf3 b6 3. c4 e6 4. Nc3 Bb7 5. e3 Bb4 6. Bd2 O-O 7. Be2 d5 8. O-O
Nbd7 9. Qc2 h6 10. Bd3 Bxc3 11. Bxc3 c5 12. Qe2 dxc4 13. Bxc4 Ne4 14. Rad1 Nxc3
15. bxc3 Qf6 16. Ne1 cxd4 17. cxd4 Rac8 18. Bb5 Rfd8 19. Nd3 Qg5 20. f3 Qxb5
21. Qf2 Ba6 22. Nf4 Qa4 23. Rfe1 Nf6 24. Rd2 Rc3 25. Red1 Rdc8 26. Qe1 Qc4 27.
h3 Rc2 28. Kh2 Rxd2 29. Rxd2 Qb4 30. Qd1 g5 31. Nd3 Bxd3 32. Rxd3 Qd6+ 33. Kg1
Qc6 34. Kh2 Qc7+ 35. Kg1 Qc1 36. a4 Qxd1+ 37. Rxd1 Rc3 38. e4 Ra3 39. d5 exd5
40. exd5 Rxa4 41. d6 Nd7 42. Rc1 Rd4 43. Rc7 Rxd6 44. Rxa7 b5 45. Rb7 Rd5 46.
g4 Ne5 47. Kf2 Kg7 48. Ke1 Nc4 49. Rb8 0-1

[Event "XIV Open"]
[Site "Crema ITA"]
[Date "2012.09.01"]
[Round "3"]
[White "Gagliardi, Christian"]
[Black "Agnelli, Francesco"]
[Result "1/2-1/2"]
[WhiteElo "2217"]
[BlackElo "2034"]
[PlyCount "48"]
[EventDate "2012.08.31"]

1. e4 c5 2. Nc3 Nc6 3. Bb5 e6 4. Bxc6 bxc6 5. d3 Ne7 6. Nge2 Ng6 7. O-O Be7 8.
Na4 O-O 9. c4 f5 10. f3 d6 11. Bd2 e5 12. Rb1 Be6 13. Qc2 Rb8 14. a3 Bg5 15. b4
cxb4 16. axb4 a6 17. Qc1 h6 18. Nac3 Bxd2 19. Qxd2 d5 20. exd5 cxd5 21. c5 d4
22. Na4 Bd7 23. Nb6 Bb5 24. Rbd1 f4 1/2-1/2

[Event "XIV Open"]
[Site "Crema ITA"]
[Date "2012.09.01"]
[Round "3"]
[White "Khaetsky, Roman"]
[Black "Gabetto, Flaviano"]
[Result "1-0"]
[WhiteElo "2399"]
[BlackElo "2108"]
[PlyCount "105"]
[EventDate "2012.08.31"]

1. e4 e6 2. d4 d5 3. Nc3 Nf6 4. Bd3 c5 5. Nf3 Nc6 6. exd5 exd5 7. O-O c4 8.
Re1+ Be7 9. Bxc4 dxc4 10. d5 Nb4 11. d6 Be6 12. dxe7 Qxd1 13. Rxd1 Nxc2 14. Rb1
Nb4 15. Bf4 Nbd5 16. Bd6 Nxe7 17. Ne5 Ned5 18. Nxd5 Bxd5 19. Rbc1 b5 20. b3 Rc8
21. bxc4 bxc4 22. Rd4 c3 23. Rd3 c2 24. Rd2 Be4 25. f3 Bg6 26. Re2 Kd8 27. Be7+
Kc7 28. Nxg6 fxg6 29. Bxf6 gxf6 30. Rcxc2+ Kb8 31. Rb2+ Ka8 32. Re7 Rc1+ 33.
Kf2 Rhc8 34. Rxh7 R1c2+ 35. Rxc2 Rxc2+ 36. Kg3 Rxa2 37. h4 Ra5 38. Rh6 g5 39.
Rxf6 gxh4+ 40. Kxh4 Ra2 41. g4 a5 42. g5 Kb7 43. g6 Rg2 44. Kh5 a4 45. Rf4 a3
46. Ra4 a2 47. f4 Kb6 48. f5 Kb5 49. Ra8 Kb4 50. f6 Kb3 51. f7 Rf2 52. Kh6 Kb2
53. Kg7 1-0

[Event "XIV Open"]
[Site "Crema ITA"]
[Date "2012.09.01"]
[Round "3"]
[White "Manzotti, Francesco"]
[Black "Blengino, Cristiano"]
[Result "1-0"]
[WhiteElo "1700"]
[BlackElo "1901"]
[PlyCount "101"]
[EventDate "2012.08.31"]

1. e4 Nf6 2. Nc3 d5 3. e5 Ne4 4. Nxe4 dxe4 5. d4 Bf5 6. Bc4 e6 7. Ne2 Nd7 8.
Ng3 Nb6 9. Bb3 Bg6 10. O-O c5 11. c3 cxd4 12. cxd4 Qd7 13. Be3 O-O-O 14. Bc2
Qd5 15. Rc1 Kb8 16. Bb3 Qd7 17. Qd2 Be7 18. a3 h5 19. Ne2 Nd5 20. Nc3 Bf5 21.
Ba4 Nxe3 22. Bxd7 Nxf1 23. Kxf1 Rxd7 24. h3 Rhd8 25. Ne2 g5 26. Kg1 h4 27. a4
g4 28. Kh2 f6 29. exf6 Bxf6 30. Qf4+ Ka8 31. hxg4 Be7 32. Kg1 Bd6 33. Qg5 Be7
34. Qh5 e3 35. gxf5 exf2+ 36. Kxf2 exf5 37. Qf7 Kb8 38. Qc4 a6 39. b4 Bg5 40.
Rc2 Bf6 41. b5 Rd6 42. a5 axb5 43. Qxb5 h3 44. gxh3 Rg8 45. Rb2 Rg7 46. a6 Rdd7
47. Kf3 Bg5 48. Qb6 Bd8 49. Qc5 Rgf7 50. a7+ Ka8 51. Qc8+ 1-0

[Event "XIV Open"]
[Site "Crema ITA"]
[Date "2012.09.01"]
[Round "3"]
[White "Mansueti, Marco"]
[Black "Raimondi, Celso"]
[Result "1-0"]
[WhiteElo "1839"]
[BlackElo "1657"]
[PlyCount "89"]
[EventDate "2012.08.31"]

1. e4 c5 2. Nf3 d6 3. d4 cxd4 4. Nxd4 Nf6 5. Nc3 a6 6. Be2 e6 7. Be3 Be7 8. Qd2
O-O 9. f4 Qc7 10. g4 Re8 11. g5 Nfd7 12. Bh5 g6 13. Bg4 Bf8 14. f5 Ne5 15. Be2
Nc4 16. Bxc4 Qxc4 17. fxg6 fxg6 18. Rf1 Bg7 19. O-O-O Nc6 20. Nxc6 bxc6 21. Bd4
e5 22. Bg1 Bg4 23. Qd3 Qxd3 24. Rxd3 Rad8 25. Bb6 Rd7 26. Rf2 Be6 27. Rfd2 Rb7
28. Bf2 Bf8 29. b3 Reb8 30. h4 Be7 31. Bg3 Rf8 32. Kb2 Bc4 33. Rxd6 Bxd6 34.
Rxd6 Re8 35. Rxc6 Bf7 36. Rxa6 Rbe7 37. Ra5 Kg7 38. Nd5 Bxd5 39. Rxd5 h6 40. a4
hxg5 41. hxg5 Kf7 42. c4 Ke6 43. Rxe5+ Kf7 44. Rxe7+ Rxe7 45. a5 1-0

[Event "XIV Open"]
[Site "Crema ITA"]
[Date "2012.09.01"]
[Round "3"]
[White "Maraschi, Alberto"]
[Black "Tedoldi, Guido"]
[Result "0-1"]
[WhiteElo "1337"]
[BlackElo "1600"]
[PlyCount "60"]
[EventDate "2012.08.31"]

1. e4 c5 2. Nf3 Nc6 3. Nc3 e5 4. Bc4 d6 5. h3 h6 6. d3 Nf6 7. Bd2 Be7 8. a3 O-O
9. O-O Be6 10. Nd5 Bxd5 11. Bxd5 Nxd5 12. exd5 Nd4 13. c3 Nf5 14. Nh2 Re8 15.
Qg4 Qc8 16. Qe4 Bf6 17. Ng4 Bg5 18. Bxg5 hxg5 19. b4 Nh4 20. c4 b6 21. Qe3 Qd8
22. b5 f5 23. Nh2 Qf6 24. f4 exf4 25. Qf2 Re3 26. Rfe1 Rae8 27. Rxe3 Qxa1+ 28.
Nf1 Rxe3 29. Kh1 Qe5 30. Nxe3 fxe3 0-1

[Event "XIV Open"]
[Site "Crema ITA"]
[Date "2012.09.01"]
[Round "3"]
[White "Pinna, Ferdinando"]
[Black "Cervini, Ernesto"]
[Result "1-0"]
[WhiteElo "1929"]
[BlackElo "1733"]
[PlyCount "113"]
[EventDate "2012.08.31"]

1. e4 c5 2. Nf3 d6 3. d4 cxd4 4. Nxd4 Nf6 5. Nc3 a6 6. Bc4 Qc7 7. Bb3 g6 8. f3
Bg7 9. Be3 Bd7 10. Qd2 O-O 11. O-O-O Nc6 12. h4 Na5 13. h5 Nxb3+ 14. Nxb3 Rac8
15. Bg5 b5 16. hxg6 fxg6 17. e5 b4 18. exf6 bxc3 19. bxc3 exf6 20. Qd5+ Rf7 21.
Bd2 Qc6 22. Qxc6 Rxc6 23. Nd4 Rc8 24. Rde1 f5 25. Re3 Ba4 26. Nb3 Rfc7 27. Kb2
d5 28. Rd3 d4 29. Nxd4 Bxd4 30. Rxd4 Rb7+ 31. Ka1 Bxc2 32. Rc1 Rcb8 33. Rb4
Rxb4 34. cxb4 Ba4 35. Kb2 Re8 36. Re1 Rxe1 37. Bxe1 Kf7 38. Kc3 Ke6 39. Kd4 Bb5
40. f4 Kd6 41. Bh4 Bf1 42. g3 Bb5 43. Bg5 Bf1 44. Bh6 Ke6 45. Kc5 Be2 46. a4
Bf1 47. b5 axb5 48. axb5 Bxb5 49. Kxb5 Kd5 50. Kb6 Ke4 51. Kc7 Kf3 52. Kd6 Kg4
53. Ke6 Kh5 54. Bg5 h6 55. Kf6 hxg5 56. fxg5 Kg4 57. Kxg6 1-0

[Event "XIV Open"]
[Site "Crema ITA"]
[Date "2012.09.01"]
[Round "3"]
[White "Sala, Giovanni"]
[Black "Bonazzi, Edoardo"]
[Result "1-0"]
[WhiteElo "2022"]
[BlackElo "2101"]
[PlyCount "93"]
[EventDate "2012.08.31"]

1. c4 Nf6 2. g3 c5 3. Bg2 Nc6 4. Nc3 g6 5. Nf3 Bg7 6. O-O O-O 7. a3 d5 8. cxd5
Nxd5 9. Nxd5 Qxd5 10. d3 Qd6 11. Bf4 e5 12. Be3 Bd7 13. Rc1 b6 14. Ng5 Rac8 15.
Ne4 Qe7 16. Bg5 Qe6 17. Nc3 h6 18. Bd2 Nd4 19. e3 Nc6 20. Nd5 Qd6 21. b4 cxb4
22. Rxc6 Bxc6 23. Bxb4 Qe6 24. Ne7+ Kh7 25. Nxc6 Rfe8 26. Nxa7 Rcd8 27. Nc6 Rc8
28. d4 exd4 29. exd4 Qc4 30. d5 Bf8 31. Bxf8 Rxf8 32. Re1 Qc5 33. Qf3 Qd6 34.
Qe3 Ra8 35. Qxb6 Qxa3 36. Qb4 Qxb4 37. Nxb4 Rfd8 38. Nc6 Rd6 39. h4 Kg7 40. Bf3
h5 41. Kg2 Kh6 42. Re2 Ra4 43. Re4 Rxe4 44. Bxe4 g5 45. hxg5+ Kxg5 46. f4+ Kg4
47. Ne5# 1-0

[Event "XIV Open"]
[Site "Crema ITA"]
[Date "2012.09.01"]
[Round "3"]
[White "Scotti, Luigi"]
[Black "Borboni, Paolo"]
[Result "0-1"]
[WhiteElo "1491"]
[BlackElo "1750"]
[PlyCount "76"]
[EventDate "2012.08.31"]

1. d4 d5 2. Nf3 Nf6 3. e3 e6 4. Bd3 Nbd7 5. Nbd2 Be7 6. O-O O-O 7. c3 c5 8. e4
dxe4 9. Nxe4 cxd4 10. Nxd4 Nxe4 11. Bxe4 Nf6 12. Bf3 h6 13. Qb3 Bc5 14. Rd1 Qe7
15. Be3 g5 16. h3 Rd8 17. Qc2 Nd5 18. Re1 Nxe3 19. fxe3 Bb6 20. Rad1 Qf6 21.
Be4 Qe5 22. Nf3 Rxd1 23. Rxd1 Bxe3+ 24. Kf1 Qf6 25. Ke2 Bb6 26. Qd3 Qe7 27. Nd4
f5 28. Bf3 Qc7 29. b4 Qe5+ 30. Qe3 Qxe3+ 31. Kxe3 e5 32. Bd5+ Kg7 33. a4 exd4+
34. cxd4 Bd7 35. a5 Re8+ 36. Kf3 Bd8 37. Bxb7 Bb5 38. d5 Be2+ 0-1

[Event "XIV Open"]
[Site "Crema ITA"]
[Date "2012.09.01"]
[Round "3"]
[White "Sgnaolin, Davide"]
[Black "Guidi, Maurizio"]
[Result "1-0"]
[WhiteElo "2234"]
[BlackElo "2058"]
[PlyCount "83"]
[EventDate "2012.08.31"]

1. e4 b6 2. d4 Bb7 3. Bd3 e6 4. Nf3 Ne7 5. O-O g6 6. Re1 Bg7 7. c3 d6 8. Nbd2
Nd7 9. Nf1 O-O 10. Ng3 c5 11. Be3 Qc7 12. Qd2 Rfe8 13. Rad1 a6 14. h3 Rad8 15.
Bh6 e5 16. Bc4 Rf8 17. Qg5 Nf6 18. Bxg7 Kxg7 19. dxe5 dxe5 20. Rxd8 Rxd8 21.
Qxe5 Qxe5 22. Nxe5 Rd2 23. Re2 Rxe2 24. Bxe2 Nc8 25. f3 h5 26. h4 Ne8 27. Kf2
Kf6 28. Nc4 Ke6 29. Bd3 b5 30. Na5 Ba8 31. Nb3 Kd6 32. Bc2 Nb6 33. Nd2 Nf6 34.
Ke3 Nc8 35. Ne2 Ne7 36. Nf4 Nc6 37. a3 Bb7 38. Bb1 Ne7 39. Ba2 c4 40. a4 Nd7
41. axb5 axb5 42. b3 1-0

[Event "XIV Open"]
[Site "Crema ITA"]
[Date "2012.09.01"]
[Round "3"]
[White "Sperli', Maurizio"]
[Black "Poletti, Guido"]
[Result "1-0"]
[WhiteElo "1532"]
[BlackElo "1371"]
[PlyCount "65"]
[EventDate "2012.08.31"]

1. e4 d5 2. exd5 Nf6 3. c4 e6 4. dxe6 Bxe6 5. Nf3 Bd6 6. d4 c6 7. Bd3 O-O 8.
O-O Qd7 9. Bg5 Be7 10. h3 Bf5 11. Ne5 Qxd4 12. Bxf5 Qxe5 13. Bxf6 Bxf6 14. Qc2
g6 15. Bxg6 hxg6 16. Nc3 Bg7 17. Rfe1 Qc7 18. Ne4 Nd7 19. Rad1 Rad8 20. Nd6 Ne5
21. c5 Rd7 22. f4 Rxd6 23. cxd6 Qb6+ 24. Kh1 Nd7 25. Re7 Qd8 26. Qe2 Bf6 27.
Re3 Qb8 28. g4 Rd8 29. g5 Bg7 30. Re7 c5 31. Qc4 Nf6 32. Qxf7+ Kh7 33. Qxg7#
1-0

[Event "XIV Open"]
[Site "Crema ITA"]
[Date "2012.09.01"]
[Round "3"]
[White "Spornberger, Andre"]
[Black "Spornberger, Maximilian"]
[Result "1/2-1/2"]
[WhiteElo "2036"]
[BlackElo "2225"]
[PlyCount "71"]
[EventDate "2012.08.31"]

1. e4 g6 2. d3 Bg7 3. g3 e5 4. Bg2 Ne7 5. Nc3 c5 6. Nge2 Nbc6 7. O-O d6 8. Nd5
Nxd5 9. exd5 Nd4 10. c4 Nxe2+ 11. Qxe2 O-O 12. Rb1 Bf5 13. b4 b6 14. Bd2 Qd7
15. bxc5 bxc5 16. Rb5 Rfb8 17. Rfb1 Qc8 18. Bc3 Rxb5 19. Rxb5 Rb8 20. Rb3 Rxb3
21. axb3 Qa6 22. Be4 Bd7 23. Qb2 Bh6 24. Kg2 Bg5 25. Bf3 Bd8 26. Bd1 Bf5 27.
Bc2 Qc8 28. f3 h5 29. Qc1 Kh7 30. Qe3 Qa6 31. Qc1 Qc8 32. Qe3 Qd7 33. Kf2 Bf6
34. Qc1 Kg7 35. b4 cxb4 36. Bxb4 1/2-1/2

[Event "XIV Open"]
[Site "Crema ITA"]
[Date "2012.09.01"]
[Round "3"]
[White "Tagliaferri, Valerio"]
[Black "Ranfagni, Stefano"]
[Result "1/2-1/2"]
[WhiteElo "1807"]
[BlackElo "1980"]
[PlyCount "87"]
[EventDate "2012.08.31"]

1. g3 d5 2. d4 e6 3. Bg2 c6 4. Nf3 f5 5. Bf4 Nf6 6. Nbd2 Be7 7. e3 O-O 8. Qe2
h6 9. h4 b6 10. Bxb8 Rxb8 11. Ne5 Bb7 12. Ng6 Rf7 13. Ne5 Rf8 14. Ng6 Re8 15.
Nf3 Nd7 16. Nfe5 Bf6 17. Nxd7 Qxd7 18. f4 c5 19. c3 Bc6 20. Kf2 Rec8 21. Rhe1
Qf7 22. Ne5 Bxe5 23. dxe5 Rd8 24. Red1 Qb7 25. Rd2 a6 26. b3 a5 27. a3 Qc7 28.
Rad1 Ba8 29. Qh5 c4 30. b4 Bc6 31. Ra1 Qf7 32. Qxf7+ Kxf7 33. Bf3 Ra8 34. bxa5
Rxa5 35. Bd1 Rda8 36. Rda2 Ba4 37. Bxa4 Rxa4 38. h5 R8a5 39. Ke2 Rb5 40. Kd2
Rb3 41. Kc2 g6 42. hxg6+ Kxg6 43. Rb2 Rxb2+ 44. Kxb2 1/2-1/2

[Event "XIV Open"]
[Site "Crema ITA"]
[Date "2012.09.01"]
[Round "3"]
[White "Tahiraj, Almir"]
[Black "Castrogiovanni, Carlo"]
[Result "0-1"]
[WhiteElo "1820"]
[BlackElo "1984"]
[PlyCount "124"]
[EventDate "2012.08.31"]

1. d4 Nf6 2. Nf3 d6 3. Bf4 c6 4. h3 Nbd7 5. e3 Qb6 6. Qc1 g6 7. c3 Bg7 8. Be2
O-O 9. O-O Re8 10. Nbd2 e5 11. dxe5 Nxe5 12. Re1 Nfd7 13. Nc4 Nxc4 14. Bxc4 d5
15. Bd3 Nc5 16. Bc2 Ne4 17. Bd3 a5 18. Nd2 a4 19. Bxe4 dxe4 20. Qc2 f5 21. Nc4
Qa6 22. Nd6 Rd8 23. Nxc8 Raxc8 24. Red1 b5 25. Bg5 Rd5 26. Rxd5 cxd5 27. Qd2
Qe6 28. a3 h6 29. Bf4 Qc6 30. Rd1 Rd8 31. Qe2 Kh7 32. Rd2 Bf6 33. Qd1 Qc5 34.
Kf1 Qc4+ 35. Kg1 Qc5 36. Kf1 g5 37. Bh2 Kg6 38. g4 fxg4 39. Qxg4 Qc6 40. Bf4
Qd7 41. Bg3 h5 42. Qxd7 Rxd7 43. Kg2 Kf5 44. Rd1 Be5 45. Rg1 Bf6 46. Kf1 Rf7
47. Ke2 Ke6 48. Rd1 Be7 49. Kf1 Rf5 50. Rd4 Bc5 51. Rd2 Bxe3 52. Re2 Bc5 53.
Kg2 Bd6 54. Re3 Bf4 55. Re1 Bxg3 56. Kxg3 Rf3+ 57. Kg2 Kd6 58. Re2 Kc5 59. Rd2
Rd3 60. Re2 h4 61. Kh2 Rd1 62. Kg2 Kc4 0-1

[Event "XIV Open"]
[Site "Crema ITA"]
[Date "2012.09.01"]
[Round "3"]
[White "Tirelli, Mauro"]
[Black "Peschechera, Francesco"]
[Result "1-0"]
[WhiteElo "1990"]
[BlackElo "1837"]
[PlyCount "48"]
[EventDate "2012.08.31"]

1. d4 Nf6 2. Bg5 d5 3. Nd2 Nbd7 4. e3 e5 5. Ngf3 Bd6 6. c4 e4 7. Ng1 c6 8. Ne2
h6 9. Bh4 Qc7 10. Nc3 Bxh2 11. g3 g5 12. Rxh2 gxh4 13. Rxh4 Nf8 14. Rf4 Qe7 15.
cxd5 Ng6 16. Rxf6 Qxf6 17. Ncxe4 Qe7 18. Qh5 Bd7 19. Bc4 O-O-O 20. d6 Qf8 21.
Qa5 Kb8 22. Qc7+ Ka8 23. Nc5 Bc8 24. Ndb3 Qe8 1-0

[Event "XIV Open"]
[Site "Crema ITA"]
[Date "2012.09.01"]
[Round "3"]
[White "Torricelli, Lorenzo"]
[Black "De Paoli, Emilio"]
[Result "0-1"]
[WhiteElo "1682"]
[BlackElo "1851"]
[PlyCount "110"]
[EventDate "2012.08.31"]

1. e4 e6 2. d4 c5 3. d5 Nf6 4. dxe6 fxe6 5. Bg5 Qa5+ 6. Qd2 Qb6 7. Nc3 Qxb2 8.
Rb1 Qa3 9. Bc4 Qa5 10. Nf3 h6 11. Bxf6 gxf6 12. O-O a6 13. a4 Nc6 14. Rfd1 Qc7
15. Qe2 Ne5 16. Ba2 b6 17. Nxe5 Qxe5 18. Qd2 Rb8 19. Kh1 h5 20. f4 Qc7 21. Re1
Bh6 22. Nd5 exd5 23. Qxd5 Qc6 24. Qf7+ Kd8 25. Bd5 Qd6 26. Rbd1 Qe7 27. Qxh5
Bg7 28. Qf3 d6 29. Rd3 Kc7 30. e5 fxe5 31. Red1 Qh4 32. h3 Qxf4 33. Qe2 Qh6 34.
Qf3 Rf8 35. Qe4 Bf5 36. Qc4 Bxd3 37. Qxd3 b5 38. axb5 Rxb5 39. Qa3 Rb6 40. Ra1
Qf4 41. Re1 Bh6 42. Qd3 Qf5 43. Be4 Qf2 44. Rd1 Qd4 45. Qe2 Qe3 46. Qh5 Qxe4
47. Qxh6 Qf4 48. Qe6 Qf6 49. Qd5 Qf7 50. Qd3 Rfb8 51. c3 Qd7 52. Rf1 Re8 53.
Qg6 d5 54. Rf7 Rxg6 55. Rxd7+ Kxd7 0-1

[Event "XIV Open"]
[Site "Crema ITA"]
[Date "2012.09.01"]
[Round "3"]
[White "Ventura, Franco"]
[Black "Coppola, Federico"]
[Result "1-0"]
[WhiteElo "2091"]
[BlackElo "1893"]
[PlyCount "51"]
[EventDate "2012.08.31"]

1. c4 e5 2. g3 Nf6 3. Bg2 Bc5 4. Nc3 Nc6 5. d3 h6 6. a3 a5 7. e3 O-O 8. Nge2 d6
9. h3 Re8 10. O-O Bf5 11. Nd5 Nxd5 12. cxd5 Nb8 13. b3 Nd7 14. Bb2 Nf6 15. Qd2
Qd7 16. g4 Bg6 17. b4 Bb6 18. Ng3 Nh7 19. e4 c6 20. dxc6 bxc6 21. d4 exd4 22.
Bxd4 c5 23. Bxc5 Bxc5 24. bxc5 Ra6 25. Rfd1 Rd8 26. e5 1-0

[Event "XIV Open"]
[Site "Crema ITA"]
[Date "2012.09.01"]
[Round "3"]
[White "Vuckovic, Dimitrije"]
[Black "Regorda, Vittorio"]
[Result "0-1"]
[WhiteElo "1518"]
[BlackElo "1828"]
[PlyCount "95"]
[EventDate "2012.08.31"]

1. Nf3 d5 2. c4 c6 3. d4 Nf6 4. Nc3 a6 5. b3 Bf5 6. e3 e6 7. Be2 Bd6 8. Nh4 Bg6
9. c5 Bc7 10. Nxg6 hxg6 11. h3 Nbd7 12. Bd2 Rc8 13. Qc2 O-O 14. g4 e5 15. O-O-O
Ba5 16. f3 Re8 17. Rhe1 Bb4 18. Nb1 Qa5 19. Bxb4 Qxb4 20. a3 Qa5 21. Qc3 Qxc3+
22. Nxc3 Re7 23. Kb2 Rce8 24. Rd2 exd4 25. exd4 Nh7 26. h4 Nhf6 27. Nd1 Nf8 28.
Nf2 Re3 29. Nd3 N6d7 30. Kc2 Ne6 31. Kc3 Nf4 32. Bf1 Kf8 33. Rxe3 Rxe3 34. Rf2
Nxd3 35. Bxd3 Nf6 36. Kd2 Re7 37. b4 Ne8 38. a4 Nc7 39. Re2 Ne6 40. Kc3 Nf4 41.
Rxe7 Kxe7 42. Bf1 Kd7 43. b5 a5 44. Kd2 f6 45. Kc3 f5 46. h5 Ke7 47. Bd3 Ne6
48. Bb1 0-1

[Event "XIV Open"]
[Site "Crema ITA"]
[Date "2012.09.01"]
[Round "4"]
[White "Agnelli, Francesco"]
[Black "Ventura, Franco"]
[Result "0-1"]
[WhiteElo "2034"]
[BlackElo "2091"]
[PlyCount "58"]
[EventDate "2012.08.31"]

1. e4 c5 2. Nf3 d6 3. d4 cxd4 4. Nxd4 Nf6 5. Nc3 g6 6. f3 a6 7. Be3 b5 8. Qd2
Bb7 9. O-O-O Nbd7 10. Kb1 Rc8 11. Bd3 Bg7 12. h4 h5 13. Rhe1 Nb6 14. Nb3 Qc7
15. Qf2 Nc4 16. Bxc4 bxc4 17. Bb6 Qb8 18. Ba7 Qa8 19. Na5 O-O 20. Nxb7 Qxb7 21.
Qb6 Qa8 22. Qe3 Rc7 23. Bd4 Qb7 24. Na4 Rb8 25. Qa3 e5 26. Be3 Bf8 27. Qc3 Qb5
28. Nb6 Rxb6 29. Bxb6 Qxb6 0-1

[Event "XIV Open"]
[Site "Crema ITA"]
[Date "2012.09.01"]
[Round "4"]
[White "Biava, Pierluigi"]
[Black "Cappa, Enrico"]
[Result "1-0"]
[WhiteElo "1655"]
[BlackElo "1641"]
[PlyCount "141"]
[EventDate "2012.08.31"]

1. Nf3 Nf6 2. d4 e6 3. Bg5 Be7 4. c4 d5 5. e3 O-O 6. Nc3 c5 7. Qb3 b6 8. Bxf6
Bxf6 9. cxd5 cxd4 10. exd4 exd5 11. Qxd5 Qe7+ 12. Be2 Bb7 13. Qf5 Qd7 14. Qxd7
Nxd7 15. O-O a6 16. Rfd1 Rfe8 17. Rd3 Re7 18. Rad1 Rae8 19. Bf1 g6 20. g3 Bg7
21. Bg2 Nf6 22. d5 Ne4 23. d6 Rd7 24. Nxe4 Bxe4 25. Re3 Kf8 26. Bh3 f5 27. Ng5
Be5 28. Nxe4 Bxb2 29. Ng5 Rxe3 30. fxe3 Kg8 31. Bf1 b5 32. Ne6 Ba3 33. Nc7 Rxd6
34. Rxd6 Bxd6 35. Nxa6 b4 36. Bc4+ Kg7 37. Kf2 Kf6 38. Kf3 g5 39. e4 g4+ 40.
Ke3 h6 41. exf5 Kxf5 42. Bd3+ Kg5 43. Kd4 h5 44. Kc4 h4 45. gxh4+ Kxh4 46. Nxb4
Bxh2 47. Nc2 g3 48. Be4 Bg1 49. Ne1 Kh3 50. Ng2 Bf2 51. a4 Ba7 52. a5 Bf2 53.
Kb5 Ba7 54. Ka6 Bf2 55. Kb7 Bd4 56. a6 Bf2 57. a7 Bxa7 58. Kxa7 Kh2 59. Kb6 Kh3
60. Kc5 Kh2 61. Kd4 Kh3 62. Ke3 Kh2 63. Kf3 Kh3 64. Bf5+ Kh2 65. Be6 Kg1 66.
Kxg3 Kf1 67. Bc4+ Kg1 68. Nf4 Kh1 69. Bf1 Kg1 70. Bh3 Kh1 71. Bg2+ 1-0